=LDR 00000nam 2200000 4500 =001 INLIS000000000011097 =005 20130612102709 =008 ***********************************Ind** =035 ##$$0010-061300000011097 =041 ##$$a Ind =082 ##$$a 340.095 =090 ##$$a 340.095, Bra u =100 ##$$a Bratawija Thomas wiyasa =245 ##$$a Upacara taradisional masyarakat jawa, Thomas Wiyasa Brata Wijaja =260 ##$$a 1996 $b Jakarta =300 ##$$a 146 hlm, 21 cm =850 ##$$a NBPNMAT